Geography Quiz

Random Geography or City Quiz

On Capitals' Both Sides Quiz Stats

 Plays Quiz Updated Jan 23, 2015

Challenge
Share
Tweet
Embed
Score 0/40 Timer 10:00
1 Play Today
East West % Correct
AustraliaSydney (3,980,000)
87.9%
CanadaToronto (6,345,000)
80.7%
AustraliaMelbourne (3,788,000)
80%
USALos Angeles (15,250,000)
75.5%
USANew York (20,661,000)
75.4%
CanadaMontréal (3,471,000)
74.6%
ChinaShanghai (22,650,000)
72.7%
BrazilSão Paulo (20,273,000)
68.4%
SpainBarcelona (4,656,000)
67.7%
RussiaSt. Petersburg (5,132,000)
66.2%
GermanyEssen-Düsseldorf (6,722,000)
64.8%
ItalyMilan (5,264,000)
64.8%
TurkeyIstanbul (13,187,000)
64%
IndiaMumbai (17,672,000)
63.6%
JapanOsaka (17,234,000)
61.9%
SwitzerlandZürich (747,000)
57.4%
UKManchester (2,560,000)
57.2%
FranceMarseille (1,369,000)
55.6%
ItalyNaples (3,726,000)
53.2%
South AfricaJohannesburg (7,960,000)
52.9%
East West % Correct
SwitzerlandGeneva (515,000)
52.7%
IndiaKolkata (14,896,000)
49.1%
NigeriaLagos (12,549,000)
45.6%
PakistanKarachi (21,585,000)
45.2%
SpainSeville (1,100,000)
38.5%
MexicoGuadalajara (4,413,000)
37.1%
PakistanLahore (8,376,000)
32.9%
ChinaShenzhen (12,860,000)
31.7%
South AfricaDurban (3,300,000)
31.2%
GermanyDresden (700,000)
30%
FranceToulouse (880,000)
24.9%
JapanSapporo (2,655,000)
21.5%
UKNorwich (213,000)
19.9%
RussiaNovosibirsk (1,470,000)
14.4%
BrazilPorto Alegre (3,425,000)
13.7%
IndonesiaBandung (3,555,000)
13.6%
NigeriaKano (3,775,000)
13.1%
MexicoPuebla (2,008,000)
8.8%
IndonesiaMedan (3,992,000)
8.7%
TurkeyAdana (1,496,000)
6.5%

You're not logged in!

Compare scores with friends on all Sporcle quizzes.
OR
Log In

You Might Also Like...

Show Comments

Extras

Top Quizzes Today


Score Distribution

Your Account Isn't Verified!

In order to create a playlist on Sporcle, you need to verify the email address you used during registration. Go to your Sporcle Settings to finish the process.

Report this User

Report this user for behavior that violates our Community Guidelines.

Details: